Studies on correlation between nutrient levels in soil and leaf and yield of Hevea brasiliensis (Record no. 69568)

MARC details
000 -LEADER
fixed length control field 00393nam a2200133Ia 4500
100 ## - MAIN ENTRY--AUTHOR NAME
Personal name Pushpadas M V
245 #0 - TITLE STATEMENT
Title Studies on correlation between nutrient levels in soil and leaf and yield of Hevea brasiliensis
260 ## - PUBLICATION, DISTRIBUTION, ETC. (IMPRINT)
Name of publisher Rubber Board Bulletin
Year of publication 1978
300 ## - PHYSICAL DESCRIPTION
Number of Pages 12-Nov
700 ## - ADDED ENTRY--PERSONAL NAME
Personal name George C M
700 ## - ADDED ENTRY--PERSONAL NAME
Personal name Subbarayalu G
942 ## - ADDED ENTRY ELEMENTS (KOHA)
Koha item type Journals
Holdings
Withdrawn status Lost status Damaged status Not for loan Home library Current library Shelving location Date acquired Serial Enumeration / chronology Koha item type
      Journals RRII Library RRII Library Agronomy 17/12/2021 Volume 15, Issue Journals